Smlouvy ve výstavbě

Gespeichert in:
Bibliographische Detailangaben
1. Verfasser: Štenglová, Ivana
Format: Buch
Sprache:Tschechisch
Veröffentlicht: Praha Prospektrum 1993
Ausgabe:1. vyd.
Schlagworte:
Tags: Tag hinzufügen
Keine Tags, Fügen Sie das erste Tag hinzu!

MARC

LEADER 00000nam a2200000 4500
001 c002688
005 20221214083725.7
020 |a 80-85431-56-4 
041 0 |a cze 
044 |a CZ 
245 1 0 |a Smlouvy ve výstavbě  |c Ivana Štenglová 
250 |a 1. vyd. 
264 1 |a Praha  |b Prospektrum  |c 1993 
300 |a 107 s. 
610 2 0 |a zákonník občiansky 
610 2 0 |a zákonník obchodný 
610 2 0 |a vzťahy zmluvné 
610 2 0 |a súťaž verejná 
610 2 0 |a Česko 
610 2 0 |a stavebníctvo 
100 1 |a Štenglová, Ivana